000 00294nam a2200121Ia 4500
008 190415s9999 xx 000 0 und d
082 _aRK.0090
100 _aKothari, V.N.
245 0 _aEconomic benefits of rural electrification in Gujarat
260 _c1975
300 _a230p.
942 _cBK
999 _c13017
_d13017